000 01214ngm a22003370a 4500
001 PT19336
003 AR-LpoUNG
005 20210202000303.0
007 vd cvaizq
008 191001s1998||||ag |||||||||||||||||spa d
037 _c$16.63
040 _aAR-LpoUNG
_bspa
_cAR-LpoUNG
_eaacr
041 _aspa
044 _aag
082 0 _a982.065 153hgo
100 1 _aBailo, Víctor
_edir.
245 1 0 _aH.G.O. :
_bHéctor German Oesterheld
260 _a[Buenos Aires] :
_bVictor Bailo - Daniel Stefanello,
_c1998.
300 _aVHS (145 min.) : son., col.
520 _aTrabaja con la fragilidad de la vida humana de la memoria humana, sobre lo oculto en ella, sobre la alegria y el dolor. El film explora el pasado que aún hoy vive en las personas en los lugares, en los objetos, intentando un objetivo: reconstruir una historia de vida, la del guionista de historietas y escritor argentino desaparecido, Héctor Germán Oesterheld.
650 4 _aARGENTINA
650 4 _aDICTADURA
650 4 _aGOBIERNO MILITAR
650 4 _aHISTORIA SOCIAL
651 4 _aArgentina
653 _aDOCUMENTALES
653 _aVIDEOS
700 1 _aStefanello, Daniel
_edir.
905 _a19336
942 _cVIDEO
999 _c54530
_d54530